书目信息 |
| 题名: |
结构振动与稳定理论
|
|
| 作者: | 周勇军 , 任伟 主编 | |
| 分册: | ||
| 出版信息: | 北京 人民交通出版社股份有限公司 2020.12 |
|
| 页数: | 185页 | |
| 开本: | 26cm | |
| 丛书名: | 高等学校交通运输与工程类专业教材建设委员会规划教材 | |
| 单 册: | ||
| 中图分类: | O327 | |
| 科图分类: | ||
| 主题词: | 结构振动--jie gou zhen dong--高等学校--教材 , 结构稳定性--jie gou wen ding xing--高等学校--教材 | |
| 电子资源: | ||
| ISBN: | 978-7-114-16922-9 | |
| 000 | 01494nam 2200313 450 | |
| 001 | 0100028521 | |
| 005 | 20211025120159.0 | |
| 010 | @a978-7-114-16922-9@dCNY40.00 | |
| 100 | @a20210411d2020 em y0chiy50 ea | |
| 101 | 0 | @achi |
| 102 | @aCN@b110000 | |
| 105 | @aa a 000yy | |
| 106 | @ar | |
| 200 | 1 | @a结构振动与稳定理论@Ajie gou zhen dong yu wen ding li lun@f周勇军, 任伟主编 |
| 210 | @a北京@c人民交通出版社股份有限公司@d2020.12 | |
| 215 | @a185页@c图@d26cm | |
| 225 | 2 | @a高等学校交通运输与工程类专业教材建设委员会规划教材@Agao deng xue xiao jiao tong yun shu yu gong cheng lei zhuan ye jiao cai jian she wei yuan hui gui hua jiao cai |
| 312 | @a英文题名取自封面 | |
| 320 | @a有书目 (第178页) | |
| 330 | @a本书共分九章。第一章重点介绍了结构振动的一般概念及结构运动方程的建立。第二、三、四章分别介绍了单自由度、多自由度和无限自由度体系的振动问题。第五章介绍了工程实际中常用的结构振动近似计算方法。第六章介绍结构稳定概念及分析方法。第七章介绍弹性压杆稳定的临界荷载计算方法, 第八章介绍有缺陷受压杆件稳定计算方法, 第九章介绍组合压杆的稳定分析方法。 | |
| 410 | 0 | @12001 @a高等学校交通运输与工程类专业教材建设委员会规划教材 |
| 510 | 1 | @aStructural vibration and stability theory@zeng |
| 606 | 0 | @a结构振动@Ajie gou zhen dong@x高等学校@j教材 |
| 606 | 0 | @a结构稳定性@Ajie gou wen ding xing@x高等学校@j教材 |
| 690 | @aO327@v5 | |
| 701 | 0 | @a周勇军@Azhou yong jun@4主编 |
| 701 | 0 | @a任伟@Aren wei@4主编 |
| 801 | 0 | @aCN@c20210909 |
| 905 | @a河南城建学院图书馆@dO327@eZ812 | |
| 结构振动与稳定理论/周勇军, 任伟主编.-北京:人民交通出版社股份有限公司,2020.12 |
| 185页:图;26cm.-(高等学校交通运输与工程类专业教材建设委员会规划教材) |
| ISBN 978-7-114-16922-9:CNY40.00 |
| 本书共分九章。第一章重点介绍了结构振动的一般概念及结构运动方程的建立。第二、三、四章分别介绍了单自由度、多自由度和无限自由度体系的振动问题。第五章介绍了工程实际中常用的结构振动近似计算方法。第六章介绍结构稳定概念及分析方法。第七章介绍弹性压杆稳定的临界荷载计算方法, 第八章介绍有缺陷受压杆件稳定计算方法, 第九章介绍组合压杆的稳定分析方法。 |
| ● |
| 相关链接 |
|
|
|
正题名:结构振动与稳定理论
索取号:O327/Z812
 
预约/预借
| 序号 | 登录号 | 条形码 | 馆藏地/架位号 | 状态 | 备注 |
| 1 | 1545515 | 215455157 | 自科库401/401自科库 52排2列2层/ [索取号:O327/Z812] | 在馆 | |
| 2 | 1545516 | 215455166 | 自科库401/401自科库 52排2列2层/ [索取号:O327/Z812] | 在馆 |